[Event "Titled Tuesday intern op 14th Feb Early"]
[Site "Chess.com INT"]
[Date "2023.02.14"]
[Round "9"]
[White "Tsotsonava, Elene"]
[Black "Michalski, Olaf"]
[Result "1-0"]
[WhiteElo "1955"]
[BlackElo "2273"]
[PlyCount "41"]
[EventDate "2023.02.14"]
[EventType "swiss (blitz)"]
[EventRounds "11"]
[EventCountry "USA"]
[SourceTitle "CBM 212 Extra"]
[Source "ChessBase"]
[SourceDate "2023.03.31"]
[SourceVersion "1"]
[SourceVersionDate "2023.03.31"]
[SourceQuality "1"]

1. e4 c5 2. Nf3 a6 3. c4 Nc6 4. d4 cxd4 5. Nxd4 Nf6 6. Nc3 e5 7. Nf5 d5 8. cxd5 Bxf5 9. exf5 Nd4 10. Bd3 Nxd5 11. Be4 Nb4 12. 0-0 Nbc6 13. Nd5 Bd6 14. Qg4 Kf8 15. f6 g6 16. Bh6+ Ke8 17. f4 exf4 18. Rae1 Ne6 19. Bxg6 hxg6 20. Rxe6+ Kd7 21. Re7# 1-0

[Event "Titled Tuesday intern op 14th Feb Early"]
[Site "Chess.com INT"]
[Date "2023.02.14"]
[Round "10"]
[White "Tsotsonava, Elene"]
[Black "Yonal, Timur"]
[Result "1-0"]
[WhiteElo "1955"]
[BlackElo "1859"]
[PlyCount "65"]
[EventDate "2023.02.14"]
[EventType "swiss (blitz)"]
[EventRounds "11"]
[EventCountry "USA"]
[SourceTitle "CBM 212 Extra"]
[Source "ChessBase"]
[SourceDate "2023.03.31"]
[SourceVersion "1"]
[SourceVersionDate "2023.03.31"]
[SourceQuality "1"]

1. e4 c5 2. Nf3 d6 3. d4 cxd4 4. Nxd4 Nf6 5. Nc3 a6 6. Bg5 e6 7. f4 Nbd7 8. Qf3 Qc7 9. 0-0-0 b5 10. a3 Bb7 11. g4 Be7 12. h4 h6 13. Bxf6 gxf6 14. Kb1 Nc5 15. f5 e5 16. Nb3 Rc8 17. Bd3 Kf8 18. g5 h5 19. g6 fxg6 20. fxg6 Kg7 21. Nd5 Bxd5 22. exd5 Nxd3 23. Qxd3 Qc4 24. Qf5 b4 25. Qe6 Rc7 26. Qf7+ Kh6 27. g7 Qxc2+ 28. Ka2 Rb8 29. g8N+ Rxg8 30. Qxg8 bxa3 31. Qh8+ Kg6 32. Rhg1+ Kf5 33. Qh7+ 1-0

[Event "GEO-ch (Women) 80th"]
[Site "Tbilisi"]
[Date "2023.02.13"]
[Round "7"]
[White "Esadze, Tamari"]
[Black "Tsotsonava, Elene"]
[Result "1/2-1/2"]
[WhiteElo "1981"]
[BlackElo "1955"]
[PlyCount "65"]
[EventDate "2023.02.06"]
[EventType "tourn"]
[EventRounds "9"]
[EventCountry "GEO"]
[SourceTitle "CBM 212 Extra"]
[Source "ChessBase"]
[SourceDate "2023.03.31"]
[SourceVersion "1"]
[SourceVersionDate "2023.03.31"]
[SourceQuality "1"]

1. e4 c5 2. Nf3 Nc6 3. d4 cxd4 4. Nxd4 Nf6 5. Nc3 e5 6. Ndb5 d6 7. Bg5 a6 8. Na3 b5 9. Nd5 Be7 10. Bxf6 Bxf6 11. c3 Rb8 12. Nc2 Bg5 13. Be2 0-0 14. 0-0 Be6 15. Nce3 g6 16. Kh1 Ne7 17. Nxe7+ Qxe7 18. Nd5 Qb7 19. Qd3 Bxd5 20. exd5 f5 21. a4 Rfc8 22. axb5 axb5 23. Ra5 Rc5 24. Rd1 Bd8 25. b4 Rcc8 26. Ra3 Bf6 27. f3 Ra8 28. Rda1 e4 29. fxe4 fxe4 30. Qxe4 Rxa3 31. Rxa3 Ra8 32. Rxa8+ Qxa8 33. Qe6+ 1/2-1/2

[Event "Titled Tuesday intern op 17th Jan Early"]
[Site "Chess.com INT"]
[Date "2023.01.17"]
[Round "2"]
[White "Bodnaruk, Anastasia"]
[Black "Tsotsonava, Elene"]
[Result "0-1"]
[WhiteElo "2343"]
[BlackElo "1955"]
[PlyCount "90"]
[EventDate "2023.01.17"]
[EventType "swiss (blitz)"]
[EventRounds "11"]
[EventCountry "USA"]
[SourceTitle "CBM 212 Extra"]
[Source "ChessBase"]
[SourceDate "2023.03.31"]
[SourceVersion "1"]
[SourceVersionDate "2023.03.31"]
[SourceQuality "1"]

1. e4 e5 2. Nf3 Nc6 3. Bb5 a6 4. Ba4 Nf6 5. 0-0 Be7 6. Re1 b5 7. Bb3 0-0 8. a4 b4 9. d3 d6 10. a5 Bg4 11. c3 Rb8 12. Nbd2 h6 13. Bc4 Bc8 14. d4 Re8 15. Qa4 Bd7 16. Qa2 Rf8 17. d5 Na7 18. Bxa6 Nh5 19. Bf1 f5 20. Nxe5 dxe5 21. d6+ Kh8 22. dxe7 Qxe7 23. exf5 Bxf5 24. Nc4 e4 25. Be3 c5 26. Nb6 Nf6 27. cxb4 cxb4 28. Red1 Ng4 29. b3 Qh4 30. h3 Nxe3 31. fxe3 Qg5 32. Nc4 Bxh3 33. Qd2 Rb5 34. Ra2 Rbf5 35. Nd6 Re5 36. a6 Qg3 37. Qe1 Qg6 38. Nc4 Rg5 39. Qh4 Rxf1+ 40. Kxf1 Bxg2+ 41. Ke1 Bf3 42. Rd8+ Kh7 43. Kd2 Rg2+ 44. Kc1 Rxa2 45. Nd2 Qg1+ 0-1

[Event "Titled Tuesday intern op 03rd Jan Early"]
[Site "Chess.com INT"]
[Date "2023.01.03"]
[Round "2"]
[White "Dragnev, Valentin"]
[Black "Tsotsonava, Elene"]
[Result "1-0"]
[WhiteElo "2562"]
[BlackElo "1889"]
[PlyCount "97"]
[EventDate "2023.01.03"]
[EventType "swiss (blitz)"]
[EventRounds "11"]
[EventCountry "USA"]
[SourceTitle "EXT 2024"]
[Source "ChessBase"]
[SourceDate "2023.10.10"]
[SourceVersion "1"]
[SourceVersionDate "2023.10.10"]
[SourceQuality "1"]

1. c4 Nf6 2. Nc3 e5 3. g3 Bb4 4. Bg2 0-0 5. e4 Nc6 6. Nge2 d6 7. 0-0 a5 8. Nd5 Bc5 9. d3 Nd4 10. Nxd4 Bxd4 11. Bg5 c6 12. Nxf6+ gxf6 13. Bh6 Re8 14. Rb1 f5 15. Qh5 Qf6 16. Kh1 Qg6 17. Qh4 fxe4 18. Bxe4 f5 19. Bf3 Re6 20. Be3 Bxe3 21. fxe3 Rf6 22. Bh5 Qg7 23. g4 f4 24. g5 Rf5 25. exf4 exf4 26. g6 Bd7 27. Rbe1 Re8 28. gxh7+ Kh8 29. Bxe8 f3 30. Rg1 f2 31. Qxf2 Rxf2 32. Rxg7 Kxg7 33. Bxd7 Kxh7 34. Rb1 Kg6 35. Bc8 b6 36. Bb7 c5 37. Be4+ Kf6 38. Kg1 Rd2 39. Rf1+ Kg5 40. Rf2 Rd1+ 41. Kg2 Kg4 42. Bf5+ Kg5 43. h3 Rb1 44. Be4 Ra1 45. b3 a4 46. bxa4 Rb1 47. Kg3 Rb4 48. h4+ Kh6 49. Rf6+ 1-0

[Event "Titled Tuesday intern op 03rd Jan Early"]
[Site "Chess.com INT"]
[Date "2023.01.03"]
[Round "5"]
[White "Sielecki, Christof"]
[Black "Tsotsonava, Elene"]
[Result "0-1"]
[WhiteElo "2430"]
[BlackElo "1889"]
[PlyCount "140"]
[EventDate "2023.01.03"]
[EventType "swiss (blitz)"]
[EventRounds "11"]
[EventCountry "USA"]
[SourceTitle "EXT 2024"]
[Source "ChessBase"]
[SourceDate "2023.10.10"]
[SourceVersion "1"]
[SourceVersionDate "2023.10.10"]
[SourceQuality "1"]

1. e4 c5 2. Nf3 e6 3. c3 Nf6 4. e5 Nd5 5. g3 d6 6. exd6 Bxd6 7. Bg2 Nc6 8. 0-0 0-0 9. d4 b6 10. c4 Nde7 11. Nc3 Bb7 12. Nb5 Nxd4 13. Nfxd4 Bxg2 14. Nxe6 fxe6 15. Kxg2 Nf5 16. Qe2 Qf6 17. Nxd6 Nxd6 18. Bf4 Nf5 19. Be5 Qg6 20. Kh1 Rad8 21. Rad1 Qf7 22. b3 h6 23. Kg1 Kh7 24. Qe4 Qg6 25. Bf4 Nd4 26. Qxg6+ Kxg6 27. Kg2 Kf7 28. Be5 Nc6 29. Bc3 e5 30. f3 Nd4 31. f4 e4 32. Rde1 Rfe8 33. g4 e3 34. Bxd4 cxd4 35. Kf3 Re7 36. Re2 a6 37. Rd1 b5 38. c5 b4 39. Rc1 a5 40. Rd1 Rc7 41. Rxe3 Rxc5 42. Red3 Rc3 43. Ke4 Re8+ 44. Kxd4 Rc2 45. R1d2 Re2 46. Rxe2 Rxe2 47. h4 Rxa2 48. h5 Rf2 49. Ke4 Rb2 50. Kf5 Ra2 51. Rd7+ Kf8 52. Kg6 Rg2 53. g5 hxg5 54. fxg5 Rg3 55. Rf7+ Ke8 56. Rxg7 Rxb3 57. h6 Rh3 58. Rb7 Kd8 59. Kg7 Kc8 60. Rb5 Kc7 61. g6 b3 62. h7 a4 63. h8Q Rxh8 64. Kxh8 Kc6 65. Rb4 Kc5 66. Rxa4 b2 67. Rg4 b1Q 68. g7 Qh1+ 69. Kg8 Qd5+ 70. Kh7 Qh5+ 0-1